Essential Microbiology for Dentistry / (Record no. 17020)
[ view plain ]
| 000 -LEADER | |
|---|---|
| fixed length control field | 01065pam a2200313 a 4500 |
| 001 - CONTROL NUMBER | |
| control field | 015864685 |
| 003 - CONTROL NUMBER IDENTIFIER | |
| control field | EG-ScBUE |
| 005 - DATE AND TIME OF LATEST TRANSACTION | |
| control field | 20201203132212.0 |
| 008 - FIXED-LENGTH DATA ELEMENTS--GENERAL INFORMATION | |
| fixed length control field | 110804s2011 stkab b 001 0 eng|d |
| 020 ## - INTERNATIONAL STANDARD BOOK NUMBER | |
| International Standard Book Number | 0702034843 |
| 020 ## - INTERNATIONAL STANDARD BOOK NUMBER | |
| International Standard Book Number | 9780702034848 |
| 040 ## - CATALOGING SOURCE | |
| Original cataloging agency | EG-ScBUE |
| Language of cataloging | eng |
| Description conventions | rda |
| Transcribing agency | EG-ScBUE |
| Modifying agency | EG-ScBUE |
| 082 04 - DEWEY DECIMAL CLASSIFICATION NUMBER | |
| Classification number | 617.522 |
| Item number | SAM |
| Edition number | 23 |
| 100 1# - MAIN ENTRY--PERSONAL NAME | |
| Personal name | Samaranayake, Lakshman P., |
| Relator term | author. |
| 9 (RLIN) | 30174 |
| 245 10 - TITLE STATEMENT | |
| Title | Essential Microbiology for Dentistry / |
| Statement of responsibility, etc | Lakshman Samaranayake. |
| 250 ## - EDITION STATEMENT | |
| Edition statement | Fourth edition. |
| 264 #1 - PUBLICATION, DISTRIBUTION, ETC. (IMPRINT) | |
| Place of publication, distribution, etc | Edinburgh ; |
| -- | New York : |
| Name of publisher, distributor, etc | Churchill Livingstone Elsevier, |
| Date of publication, distribution, etc | 2012. |
| 300 ## - PHYSICAL DESCRIPTION | |
| Extent | viii, 382 pages : |
| Other physical details | illustrations (some color), color maps ; |
| Dimensions | 28 cm |
| 336 ## - CONTENT TYPE | |
| Content type term | text |
| Content type code | txt |
| Source | rdacontent |
| 337 ## - MEDIA TYPE | |
| Media type term | unmediated |
| Media type code | n |
| Source | rdamedia |
| 338 ## - CARRIER TYPE | |
| Carrier type term | volume |
| Carrier type code | nc |
| Source | rdacarrier |
| 500 ## - GENERAL NOTE | |
| General note | Previous edition : 2006. |
| 504 ## - BIBLIOGRAPHY, ETC. NOTE | |
| Bibliography, etc | Includes bibliographical references and index. |
| 650 #7 - SUBJECT ADDED ENTRY--TOPICAL TERM | |
| Topical term or geographic name as entry element | Medical microbiology. |
| Source of heading or term | BUEsh |
| 9 (RLIN) | 30959 |
| 650 #7 - SUBJECT ADDED ENTRY--TOPICAL TERM | |
| Topical term or geographic name as entry element | Mouth |
| General subdivision | Microbiology. |
| Source of heading or term | BUEsh |
| 9 (RLIN) | 30176 |
| 651 ## - SUBJECT ADDED ENTRY--GEOGRAPHIC NAME | |
| Source of heading or term | BUEsh |
| 653 ## - INDEX TERM--UNCONTROLLED | |
| Resource For college | Dentistry |
| Arrived date list | September2012 |
| 942 ## - ADDED ENTRY ELEMENTS (KOHA) | |
| Source of classification or shelving scheme | Dewey Decimal Classification |
| Koha item type | Book - Borrowing |
| Withdrawn status | Lost status | Source of classification or shelving scheme | Damaged status | Not for loan | Collection code | Home library | Current library | Shelving location | Date acquired | Source of acquisition | Cost, normal purchase price | Serial Enumeration / chronology | Total Checkouts | Full call number | Barcode | Date last seen | Date checked out | Price effective from | Koha item type | Total Renewals |
|---|---|---|---|---|---|---|---|---|---|---|---|---|---|---|---|---|---|---|---|---|
| Dewey Decimal Classification | Baccah | Central Library | Central Library | First floor | 24/09/2012 | 190.00 | 3 | 1 | 617.522 SAM | 000027291 | 15/07/2025 | 01/10/2012 | 24/09/2012 | NB - Book (Non borrowing) | ||||||
| Dewey Decimal Classification | Baccah | Central Library | Central Library | First floor | 24/09/2012 | 190.00 | 3 | 2 | 617.522 SAM | 000027292 | 15/07/2025 | 10/10/2012 | 24/09/2012 | Book - Borrowing | ||||||
| Dewey Decimal Classification | Baccah | Central Library | Central Library | First floor | 24/09/2012 | 190.00 | 3 | 2 | 617.522 SAM | 000027293 | 15/07/2025 | 29/09/2015 | 24/09/2012 | Book - Borrowing | 3 | |||||
| Dewey Decimal Classification | Baccah | Central Library | Central Library | First floor | 24/09/2012 | 190.00 | 3 | 1 | 617.522 SAM | 000027294 | 15/07/2025 | 29/09/2016 | 24/09/2012 | Book - Borrowing | 6 | |||||
| Dewey Decimal Classification | Baccah | Central Library | Central Library | First floor | 24/09/2012 | 190.00 | 3 | 3 | 617.522 SAM | 000027295 | 15/07/2025 | 20/12/2012 | 24/09/2012 | Book - Borrowing | 20 | |||||
| Dewey Decimal Classification | Baccah | Central Library | Central Library | First floor | 24/09/2012 | 190.00 | 3 | 4 | 617.522 SAM | 000027296 | 06/10/2025 | 29/09/2025 | 24/09/2012 | Book - Borrowing | 4 | |||||
| Dewey Decimal Classification | Baccah | Central Library | Central Library | First floor | 24/09/2012 | 190.00 | 3 | 3 | 617.522 SAM | 000027297 | 15/07/2025 | 06/05/2017 | 24/09/2012 | Book - Borrowing | 1 | |||||
| Dewey Decimal Classification | Baccah | Central Library | Central Library | First floor | 24/09/2012 | 190.00 | 3 | 2 | 617.522 SAM | 000027298 | 15/07/2025 | 03/10/2016 | 24/09/2012 | Book - Borrowing |